000 00527nam a2200193Ia 4500
005 20250326124022.0
008 250326s9999 xx 000 0 und d
037 _aTextbook
040 _aFMSL
_beng
_cFMSL
041 _aeng
_2eng
084 _aXobD L1
_qFMSL
100 _aThuesen H G
245 0 _aEngineering economy
_cThuesen H G; Fabrycky W J And Others
250 _a4
260 _aNew Jersey
_bNew Jersey, Prentice-Hall
_c1971
300 _a490p
942 _cTB
_hXobD L1
999 _c1271917
_d1271917